| 000 | 00664nam a22002057a 4500 | ||
|---|---|---|---|
| 999 |
_c19783 _d19783 |
||
| 003 | AR-CdUCM | ||
| 008 | 190522b ||||| |||| 00| 0 spa d | ||
| 040 |
_aMUNICIPALIDAD PROVINCIAL DEL CUSCO _cBIBLIOTECA MUNICIPAL DEL CUSCO |
||
| 082 |
_a340.92 / _bC77 |
||
| 100 |
_aDenegri Cornejo, Hugo _941371 |
||
| 245 | _aMariano H. Cornejo, el hombre y su obra en el centenario de su nacimiento / | ||
| 260 |
_aLima : _bGráf. Morsom, _c1966. |
||
| 300 |
_a115 páginas ; _bRetratos, _c23 cm. |
||
| 505 | _aContenido: Biografía. | ||
| 650 |
_aBiografía _922 |
||
| 650 |
_aAbogados _910136 |
||
| 650 |
_aPerú _935 |
||
| 942 |
_2ddc _cLIBROS |
||
| 945 |
_adavv _d2019-05-22 |
||